|
|
|
|
| LEADER |
00000nab a2200000 a 4500 |
| 001 |
vtls000566392 |
| 003 |
SK-MaSNL |
| 005 |
20260303190922.0 |
| 008 |
150501c1994 xo 0 slo |
| 015 |
|
|
|a SNBRA19rr/mm-uuuuu
|
| 035 |
|
|
|a CL0566530
|
| 040 |
|
|
|a SNKBUCL
|b slo
|c SNKBUCL
|e AACR2
|
| 041 |
0 |
|
|a slo
|
| 044 |
|
|
|a xo
|c SK
|
| 080 |
|
|
|a 801.311:808.54
|2 1981
|
| 080 |
|
|
|a 808.54-311
|2 1981
|
| 100 |
1 |
|
|a Laliková, Tatiana,
|d 1954-
|4 aut
|9 102663
|
| 245 |
1 |
0 |
|a Terénne názvy so základným slovom dub
|c Tatiana Laliková
|
| 300 |
|
|
|b Lit. 2 zázn. v slov.
|
| 650 |
0 |
7 |
|a slovenčina
|2 snkbucl
|9 1350
|
| 650 |
0 |
7 |
|a toponomastika
|2 snkbucl
|9 17949
|
| 650 |
0 |
7 |
|a anojkonymá
|2 snkbucl
|9 213140
|
| 655 |
|
7 |
|a články zo zborníkov
|2 snkbucl
|9 166140
|
| 773 |
0 |
|
|t Jazyková a mimojazyková stránka vlastných mien
|d Bratislava : Jazykovedný ústav Ľ. Štúra SAV, 1994
|g S. 221-224
|z 8088738687
|
| 773 |
0 |
|
|d Nitra : Vysoká škola pedagogická
|
| 850 |
|
|
|a Slovenská národná knižnica v Martine
|a MTA001
|
| 852 |
|
|
|a SNK
|b KIS3GCP
|
| 958 |
|
|
|a RK
|
| 958 |
|
|
|a SK
|
| 992 |
|
|
|a RZB
|
| 999 |
|
|
|c 2138552
|d 2140482
|